Normal view MARC view
  • Cuentos infantiles argentinos

Entry Materia

Number of records used in: 323

001 - NÚMERO DE CONTROL DEL REGISTRO

  • campo de control: 7466

003 - IDENTIFICADOR DE NUMERO DE CONTROL

  • campo de control: UPN

005 - FECHA Y HORA DE LA ÚLTIMA TRANSACCIÓN

  • campo de control: 20240911132144.0

008 - DATOS DE LONGITUD FIJA

  • campo de control de longitud fija: 220629nn acnnnbabn | ana d

035 ## - NÚMERO DE CONTROL DEL SISTEMA

  • Número de control del sistema: UPN10000007470

040 ## - FUENTE DE LA CATALOGACIÓN

  • Centro catalogador de origen: UPN
  • Lengua de catalogación: spa
  • Agencia de transcripción: UPN

150 ## - ENCABEZAMIENTO - TEMÁTICO

  • Término de materia o nombre geográfico como elemento inicial: Cuentos infantiles argentinos

670 ## - FUENTE EN LA QUE SE LOCALIZARON DATOS

  • Cita de la fuente: E
  • Información localizada: Cuentos infantiles africanos

902 ## - CATALOGADOR

  • Catalogador: CAA/130907